| 000 | 01009nam a2200301Ia 4500 | ||
|---|---|---|---|
| 001 | Para_5865 | ||
| 003 | CHAP | ||
| 008 | 220125s1968 xx 000 0 und d | ||
| 010 | _a202646 | ||
| 040 | _cCHAP | ||
| 090 | _aPA TESIS 179 | ||
| 100 |
_aMartínez Barrera, Ramón _971842 |
||
| 245 |
_aEfecto de las radiaciones Gamma de Co-60 en Agrobacterium tunefaciens (E.F. Sm. y Towns) Cunn / _c por Ramón Martínez Barrera |
||
| 260 |
_aChapingo, Méx. : _b el autor |
||
| 300 | _a47 h. | ||
| 502 | _aTesis (Ing. Agr. Esp. en Parasitología Agrícola) ENA. Departamento Parasitología Agrícola | ||
| 650 |
_aAgalla de la corona del tomate _91055 |
||
| 650 |
_aEnergía atómica en agricultura _936898 |
||
| 650 |
_aRayos gamma _994856 |
||
| 710 |
_aENA. Departamento Parasitología Agrícola _9164684 |
||
| 901 | _aPA TESIS 179 | ||
| 902 | _aA | ||
| 905 | _a0000001968 a 0000000000 00 | ||
| 910 | _a1968 | ||
| 942 | _cPARA | ||
| 942 |
_cPARA _d1 |
||
| 999 |
_c202646 _d202646 |
||